000 00603nas a2200217 4500
001 BR8802712
003 BR-BrBNA
005 20231205091129.0
007 ta
008 230509b bl.|||p| |||| 00| 00por d
040 _aBR-BrBNA
_bpor
_cBiblioteca Nacional de Agricultura
041 _a(Pt)
072 _aL73
100 1 _aJohnson, A.P.
245 1 _aControle de mastite em rebanhos leiteiros
650 _aGADO LEITEIRO
650 _aMAMITE
773 0 _tGado Holandes (Brazil)
_x
_g(Apr 1987), v. 51(137) p. 27-31
_wBR8802712
909 _a202311
_bLúcia
_c55
_dLúcia Elande
942 _2AGRIS
_n0
_cANA
999 _c122993
_d122993